[Event "Wch Blitz"]
[Site "Samarkand"]
[Date "2023.12.30"]
[Round "21"]
[White "Demchenko, Anton"]
[Black "Bilguun, Sumiya"]
[Result "1-0"]
[WhiteElo "2609"]
[BlackElo "2466"]
[PlyCount "69"]
[EventDate "2023.12.29"]
[EventType "swiss (blitz)"]
[EventRounds "21"]
[EventCountry "UZB"]
[SourceTitle "CB01_2024"]
[SourceDate "2024.01.03"]
[SourceVersion "1"]
[SourceVersionDate "2024.01.03"]
[SourceQuality "1"]

1. e4 c5 2. Nf3 e6 3. g3 Nc6 4. Bg2 Nf6 5. Qe2 e5 6. d3 d6 7. 0-0 Be7 8. Na3 0-0 9. Nc4 Re8 10. a4 h6 11. Ne3 Bf8 12. b3 Nd4 13. Qd1 Bd7 14. Nd2 Bc6 15. c3 Ne6 16. Nd5 Nc7 17. c4 Ne6 18. Bb2 Nd4 19. f4 Bxd5 20. cxd5 exf4 21. gxf4 g6 22. Nc4 Bg7 23. Bxd4 cxd4 24. Qf3 Nh5 25. Rae1 a6 26. a5 Rc8 27. e5 Bf8 28. f5 Ng7 29. fxg6 fxg6 30. Qf7+ Kh7 31. Rf6 dxe5 32. Qxg6+ Kg8 33. Be4 Qxf6 34. Qxf6 Be7 35. Qxh6 1-0

[Event "Wch Blitz"]
[Site "Samarkand"]
[Date "2023.12.30"]
[Round "13"]
[White "Paravyan, David"]
[Black "Bilguun, Sumiya"]
[Result "1/2-1/2"]
[WhiteElo "2612"]
[BlackElo "2466"]
[PlyCount "152"]
[EventDate "2023.12.29"]
[EventType "swiss (blitz)"]
[EventRounds "21"]
[EventCountry "UZB"]
[SourceTitle "CB01_2024"]
[SourceDate "2024.01.03"]
[SourceVersion "1"]
[SourceVersionDate "2024.01.03"]
[SourceQuality "1"]

1. e4 c5 2. Nf3 d6 3. d4 cxd4 4. Nxd4 Nf6 5. Nc3 a6 6. Bd3 g6 7. Be2 Bg7 8. Be3 b5 9. Bf3 e5 10. Nf5 Bf8 11. Nd5 Nbd7 12. Ng3 Bb7 13. Nxf6+ Nxf6 14. a4 b4 15. a5 h5 16. h4 Be7 17. Qd2 d5 18. exd5 Bxd5 19. Bb6 Qd7 20. Bxd5 Qxd5 21. Qxd5 Nxd5 22. Ne4 f5 23. Nd2 Rc8 24. 0-0-0 Nf4 25. Rhe1 Bf6 26. Nb3 Nxg2 27. Rg1 Nf4 28. Kb1 Bxh4 29. f3 Be7 30. Rge1 Kf7 31. Rxe5 h4 32. Rd7 Rhe8 33. Bc5 Ne6 34. Bxe7 Rxe7 35. Rxe7+ Kxe7 36. Nd4 Kd6 37. Rxe6+ Kd5 38. Rxg6 Kxd4 39. Rh6 Ke3 40. Rxh4 f4 41. Rh6 Ra8 42. Ka2 Kxf3 43. Kb3 Ke3 44. Re6+ Kd2 45. Rf6 Ke3 46. Kxb4 f3 47. c4 f2 48. Kc5 Rc8+ 49. Kd5 Rb8 50. Re6+ Kd2 51. Rf6 Ke2 52. Re6+ Kd3 53. Rf6 Rxb2 54. c5 Ke2 55. Re6+ Kd1 56. Rf6 Ke1 57. c6 f1Q 58. Rxf1+ Kxf1 59. c7 Rc2 60. Kd6 Ke2 61. Kd7 Kd3 62. c8Q Rxc8 63. Kxc8 Kc4 64. Kd7 Kb5 65. Kd6 Kxa5 66. Kc5 Ka4 67. Kc4 a5 68. Kc3 Kb5 69. Kb3 a4+ 70. Ka3 Ka5 71. Ka2 Kb4 72. Kb2 a3+ 73. Ka2 Ka4 74. Ka1 Kb3 75. Kb1 a2+ 76. Ka1 Ka3 1/2-1/2

[Event "Wch Blitz"]
[Site "Samarkand"]
[Date "2023.12.29"]
[Round "2"]
[White "Andreikin, Dmitry"]
[Black "Bilguun, Sumiya"]
[Result "1-0"]
[WhiteElo "2729"]
[BlackElo "2466"]
[PlyCount "51"]
[EventDate "2023.12.29"]
[EventType "swiss (blitz)"]
[EventRounds "21"]
[EventCountry "UZB"]
[SourceTitle "CB01_2024"]
[SourceDate "2024.01.03"]
[SourceVersion "1"]
[SourceVersionDate "2024.01.03"]
[SourceQuality "1"]

1. d4 d5 2. c4 e6 3. Nf3 c6 4. Nbd2 f5 5. Ne5 Nf6 6. Ndf3 Bd6 7. Bf4 0-0 8. a3 dxc4 9. g3 b5 10. Bg2 Nd5 11. 0-0 Bb7 12. e4 Nxf4 13. gxf4 Bxe5 14. dxe5 Na6 15. Nd4 Qe8 16. exf5 Rd8 17. f6 gxf6 18. Qg4+ Kh8 19. Nxe6 Rg8 20. Qf5 Rxg2+ 21. Kxg2 Qg8+ 22. Kh1 c5+ 23. f3 Rf8 24. Nxf8 Qxf8 25. Rad1 Bc8 26. Qxf6+ 1-0

[Event "Wch Rapid"]
[Site "Samarkand"]
[Date "2023.12.27"]
[Round "6"]
[White "Bilguun, Sumiya"]
[Black "Begmuratov, Khumoyun"]
[Result "1/2-1/2"]
[WhiteElo "2466"]
[BlackElo "2371"]
[PlyCount "109"]
[EventDate "2023.12.26"]
[EventType "swiss (rapid)"]
[EventRounds "13"]
[EventCountry "UZB"]
[SourceTitle "CB01_2024"]
[SourceDate "2024.01.03"]
[SourceVersion "1"]
[SourceVersionDate "2024.01.03"]
[SourceQuality "1"]

1. e4 c5 2. Nf3 d6 3. d4 cxd4 4. Nxd4 Nf6 5. Nc3 a6 6. f4 e5 7. Nf3 Nbd7 8. a4 Qc7 9. Bd3 Be7 10. 0-0 0-0 11. Kh1 Nc5 12. Qe1 exf4 13. Bxf4 Re8 14. Bg5 Be6 15. Nd4 Qd8 16. Be3 Rc8 17. Nf5 Ncd7 18. Nxe7+ Qxe7 19. Bg5 Rc5 20. Qd2 h6 21. Bf4 Ne5 22. h3 Nfd7 23. Rae1 Rec8 24. Qf2 Nf8 25. Be3 R5c7 26. Bb6 Rd7 27. Bd4 Nfg6 28. Be2 Qd8 29. Qg3 Qh4 30. Qxh4 Nxh4 31. Rd1 Nhg6 32. Bg1 Bc4 33. Bd3 b5 34. axb5 axb5 35. Bxc4 Rxc4 36. Nxb5 Rxc2 37. b3 Rb7 38. Nd4 Rb2 39. Ra1 Nd3 40. Ra8+ Kh7 41. Nf5 R7xb3 42. Nxd6 f6 43. Bd4 Rb1 44. Rxb1 Rxb1+ 45. Kh2 Ngf4 46. Ra7 Kg8 47. Ra8+ Kh7 48. Ra7 Kg8 49. Re7 Ng6 50. Re8+ Kh7 51. Nf5 Rb7 52. Rd8 Nde5 53. Kg3 Rb3+ 54. Kh2 Rb7 55. Ra8 1/2-1/2

[Event "Wch Rapid"]
[Site "Samarkand"]
[Date "2023.12.27"]
[Round "9"]
[White "Jobava, Baadur"]
[Black "Bilguun, Sumiya"]
[Result "1-0"]
[WhiteElo "2591"]
[BlackElo "2466"]
[PlyCount "77"]
[EventDate "2023.12.26"]
[EventType "swiss (rapid)"]
[EventRounds "13"]
[EventCountry "UZB"]
[SourceTitle "CB01_2024"]
[SourceDate "2024.01.03"]
[SourceVersion "1"]
[SourceVersionDate "2024.01.03"]
[SourceQuality "1"]

1. e4 c5 2. c3 d5 3. exd5 Qxd5 4. d4 Nf6 5. Nf3 e6 6. Na3 Qd8 7. dxc5 Qxd1+ 8. Kxd1 Bxc5 9. Nb5 Na6 10. b4 Bxf2 11. Kc2 0-0 12. Kb3 Nd5 13. a4 Be3 14. Ba3 f6 15. Re1 Bf2 16. Re2 Bb6 17. a5 Bd8 18. Nd6 Be7 19. b5 Nac7 20. c4 Nf4 21. Rd2 e5 22. g3 Ng6 23. h4 h5 24. Be2 Ne6 25. c5 Kh7 26. Rhd1 f5 27. Bc4 Nd8 28. Ng5+ Bxg5 29. hxg5 e4 30. Nxc8 Rxc8 31. c6 Re8 32. Rxd8 Rexd8 33. cxb7 Rb8 34. Rxd8 Rxd8 35. Bd6 f4 36. gxf4 Nh4 37. b8Q Rxb8 38. Bxb8 Nf5 39. Bxa7 1-0

[Event "Asian Games tt"]
[Site "Hangzhou"]
[Date "2023.10.04"]
[Round "6.9"]
[White "Bilguun, Sumiya"]
[Black "Abdusattorov, Nodirbek"]
[Result "1/2-1/2"]
[WhiteElo "2456"]
[BlackElo "2716"]
[PlyCount "174"]
[EventDate "2023.09.29"]
[EventType "team-tourn"]
[EventRounds "9"]
[EventCountry "CHN"]
[SourceTitle "EXT 2024"]
[Source "ChessBase"]
[SourceDate "2023.10.10"]
[SourceVersion "1"]
[SourceVersionDate "2023.10.10"]
[SourceQuality "1"]
[WhiteTeam "Mongolia"]
[BlackTeam "Uzbekistan"]
[WhiteTeamCountry "MGL"]
[BlackTeamCountry "UZB"]

1. e4 c5 2. Nc3 Nc6 3. Nf3 d6 4. d4 cxd4 5. Nxd4 Nf6 6. Bg5 e6 7. Qd2 a6 8. 0-0-0 Bd7 9. f3 Be7 10. Kb1 Nxd4 11. Qxd4 Bc6 12. g4 h5 13. gxh5 Nxh5 14. h4 Bxg5 15. hxg5 Qxg5 16. Qxd6 Rd8 17. Qh2 Rxd1+ 18. Nxd1 Rh6 19. Rg1 Qf4 20. Qf2 Nf6 21. Bd3 Rh2 22. Qf1 g5 23. Nc3 Nd7 24. a3 Ne5 25. Be2 Ke7 26. Rh1 Rh4 27. Qg2 f6 28. Qf1 Be8 29. Qg1 Kf7 30. Qd1 Ke7 31. Qg1 Rxh1 32. Qxh1 Qe3 33. Ka2 Bf7 34. Kb1 b5 35. Ka1 a5 36. Qd1 b4 37. axb4 axb4 38. Nb5 Kf8 39. Qd6+ Kg8 40. Nd4 Qd2 41. Qd8+ Kh7 42. Kb1 Kg6 43. b3 Qe1+ 44. Kb2 Qc3+ 45. Kb1 Qc5 46. Kb2 f5 47. exf5+ exf5 48. Kb1 Nc6 49. Nxc6 Qxc6 50. Qd4 Qe6 51. Bd3 Qd5 52. Qb6+ Kg7 53. Qe3 Kf6 54. Qb6+ Be6 55. Bc4 Qd7 56. Bd3 Qe7 57. Qd4+ Kg6 58. Qe5 Qd7 59. Bb5 Qd1+ 60. Kb2 Bf7 61. f4 gxf4 62. Qxf4 Qe1 63. Bd3 Be6 64. Ka2 Qc3 65. Kb1 Qc5 66. Qg4+ Kf7 67. Qh5+ Ke7 68. Qg5+ Kd6 69. Qf4+ Kd7 70. Kb2 Ke8 71. Kb1 Kf7 72. Kb2 Qc3+ 73. Kb1 Qe1+ 74. Kb2 Kg6 75. Ka2 Qc3 76. Kb1 Qc5 77. Qg4+ Kf7 78. Qh5+ Ke7 79. Qg5+ Kd7 80. Qf4 Ke8 81. Qb8+ Kf7 82. Qf4 Qg1+ 83. Kb2 Qg4 84. Qc7+ Kg6 85. Qe5 Kf7 86. Qc7+ Kg6 87. Qe5 Kf7 1/2-1/2

[Event "Asian Games tt"]
[Site "Hangzhou"]
[Date "2023.09.29"]
[Round "1.1"]
[White "Gukesh, Dommaraju"]
[Black "Bilguun, Sumiya"]
[Result "1/2-1/2"]
[WhiteElo "2758"]
[BlackElo "2456"]
[PlyCount "115"]
[EventDate "2023.09.29"]
[EventType "team-tourn"]
[EventRounds "9"]
[EventCountry "CHN"]
[SourceTitle "EXT 2024"]
[Source "ChessBase"]
[SourceDate "2023.10.10"]
[SourceVersion "1"]
[SourceVersionDate "2023.10.10"]
[SourceQuality "1"]
[WhiteTeam "India"]
[BlackTeam "Mongolia"]
[WhiteTeamCountry "IND"]
[BlackTeamCountry "MGL"]

1. e4 c5 2. Nf3 d6 3. d4 cxd4 4. Nxd4 Nf6 5. Nc3 a6 6. g3 g6 7. Bg2 Bg7 8. 0-0 0-0 9. h3 Bd7 10. Be3 Nc6 11. Nde2 Rc8 12. Nd5 Ne5 13. b3 Bc6 14. Nd4 Ned7 15. c4 Nc5 16. Nxf6+ Bxf6 17. Qc2 Bd7 18. Qd2 b5 19. cxb5 axb5 20. Rac1 Ne6 21. Ne2 Bg7 22. Nc3 Nc5 23. Nd5 Be6 24. b4 Bxd5 25. exd5 Nd7 26. Qe2 Ra8 27. Qxb5 Rxa2 28. Qb7 Rb2 29. Rb1 Qc8 30. Qa7 Rc2 31. Rbc1 Ne5 32. Rxc2 Qxc2 33. Qxe7 Nc4 34. Bf4 Qb2 35. Qb7 Bd4 36. Qb5 Ne5 37. Bh6 Rd8 38. Bg5 Rc8 39. Qa6 Re8 40. Qb5 Rc8 41. Be7 Nc4 42. Qb7 Re8 43. b5 Nd2 44. Rd1 Nf3+ 45. Kh1 Qxf2 46. Rf1 Qxg3 47. Bxd6 Qxd6 48. Rxf3 Re1+ 49. Bf1 f5 50. Qc6 Qe7 51. Qc4 Qe4 52. Kg2 Re3 53. Qc8+ Kg7 54. Qc7+ Kg8 55. Qb8+ Kg7 56. Qc7+ Kg8 57. Qb8+ Kg7 58. Qc7+ 1/2-1/2

[Event "Asian Games"]
[Site "Hangzhou"]
[Date "2023.09.26"]
[Round "7"]
[White "Bilguun, Sumiya"]
[Black "Abdusattorov, Nodirbek"]
[Result "1/2-1/2"]
[WhiteElo "2456"]
[BlackElo "2716"]
[PlyCount "177"]
[EventDate "2023.09.24"]
[EventType "swiss (rapid)"]
[EventRounds "9"]
[EventCountry "CHN"]
[SourceTitle "EXT 2024"]
[Source "ChessBase"]
[SourceDate "2023.10.10"]
[SourceVersion "1"]
[SourceVersionDate "2023.10.10"]
[SourceQuality "1"]

1. e4 e5 2. Nf3 Nc6 3. Bc4 Nf6 4. d3 Be7 5. 0-0 0-0 6. Re1 d6 7. a4 Be6 8. Nbd2 a5 9. Nf1 Qd7 10. Ng3 Bxc4 11. dxc4 Rfe8 12. b3 Bf8 13. Bg5 Qe6 14. Qe2 Nd7 15. Rad1 g6 16. Bc1 Bg7 17. c3 Nc5 18. Qc2 Nb8 19. Nf1 f5 20. exf5 Qxf5 21. Qa2 Rf8 22. Ne3 Qd7 23. Nd5 Nc6 24. Be3 b6 25. Bxc5 bxc5 26. Ng5 Rab8 27. Ne4 Kh8 28. Rd3 Nd8 29. Qc2 Ne6 30. g3 Rf7 31. h4 Rbf8 32. Qd1 Bh6 33. Qg4 Rf5 34. Qd1 Qd8 35. Kg2 Bg7 36. Ne3 R5f7 37. Kg1 h5 38. Nd5 Bh6 39. Qe2 Ng7 40. Ne3 Qa8 41. Nd5 Nf5 42. Ng5 Bxg5 43. hxg5 Qb7 44. Rb1 Ng7 45. Nf6 Ne8 46. Qe4 Qxe4 47. Nxe4 Ng7 48. b4 Rb8 49. b5 Rb6 50. Kg2 Ne6 51. Rf3 Kg7 52. Rxf7+ Kxf7 53. Rd1 Rb8 54. Kh3 Ke7 55. Kh4 Ng7 56. Nf6 Ke6 57. Nd5 Rb7 58. Re1 Nf5+ 59. Kh3 Ne7 60. Nxe7 Kxe7 61. f4 Ke6 62. fxe5 dxe5 63. Rd1 Kf5 64. Rd5 Ke4 65. Rxc5 Kd3 66. Rxe5 Kxc4 67. Re6 Rb6 68. Re7 Kb3 69. Rxc7 Kxa4 70. c4 Kb4 71. Rc6 Rb8 72. Rxg6 Kxc4 73. b6 a4 74. Kh4 a3 75. Rc6+ Kb3 76. Rc1 a2 77. Kxh5 Rxb6 78. g6 Rc6 79. Ra1 Rc5+ 80. Kh6 Rc3 81. g4 Rc6 82. Kh5 Rc5+ 83. g5 Rc7 84. Kh6 Rc6 85. Kh7 Rc5 86. Kh6 Rc6 87. Kh7 Rc5 88. Kh6 Rc6 89. Kh7 1/2-1/2

[Event "Asian Games"]
[Site "Hangzhou"]
[Date "2023.09.26"]
[Round "6"]
[White "Bilguun, Sumiya"]
[Black "Erigaisi, Arjun Kumar"]
[Result "1-0"]
[WhiteElo "2456"]
[BlackElo "2712"]
[PlyCount "137"]
[EventDate "2023.09.24"]
[EventType "swiss (rapid)"]
[EventRounds "9"]
[EventCountry "CHN"]
[SourceTitle "EXT 2024"]
[Source "ChessBase"]
[SourceDate "2023.10.10"]
[SourceVersion "1"]
[SourceVersionDate "2023.10.10"]
[SourceQuality "1"]

1. e4 e6 2. d4 d5 3. Nd2 Nf6 4. e5 Nfd7 5. c3 c5 6. f4 Nc6 7. Ndf3 a5 8. Bd3 a4 9. a3 Qa5 10. Kf2 Nb6 11. Ne2 Nc4 12. Rf1 Qb6 13. Rb1 Bd7 14. Kg1 N6a5 15. Kh1 g6 16. dxc5 Bxc5 17. Ned4 0-0 18. Qe1 f6 19. exf6 Rxf6 20. Qh4 Rf7 21. Re1 Raf8 22. Ng5 Be7 23. Qh6 Bxg5 24. Qxg5 Qd6 25. h4 Qe7 26. Qg3 Rg7 27. Nf3 Qf6 28. Ne5 Bb5 29. Ng4 Qe7 30. Qh3 Kh8 31. Nh6 Bd7 32. Qh2 Qd6 33. Ng4 Bb5 34. Ne5 Qe7 35. Qh3 Nd6 36. Bxb5 Nxb5 37. Nf3 Nc7 38. Nd4 Re8 39. f5 e5 40. Bf4 Nc4 41. Nf3 Qf6 42. Bh6 Rgg8 43. Bg5 Qf7 44. fxg6 Rxg6 45. Qh2 Qg7 46. Be3 Rg4 47. Bf2 h6 48. Re2 Kh7 49. Rbe1 e4 50. Bd4 Qd7 51. Ng5+ Kg8 52. Rf1 Ne6 53. Nxe6 Qxe6 54. Rf6 Qe7 55. Rxh6 Ne5 56. Qh3 Qg7 57. Rh5 Rg3 58. Qf5 Rf8 59. Qxe5 Rf1+ 60. Kh2 Rh3+ 61. Kxh3 Rh1+ 62. Qh2 Qd7+ 63. g4 Rxh2+ 64. Kxh2 Qd6+ 65. Kg2 Kf7 66. Rf2+ Ke8 67. Rh8+ Kd7 68. Rf7+ Kc6 69. Rf6 1-0

[Event "Asian Continental op 20th"]
[Site "Almaty"]
[Date "2023.06.07"]
[Round "5"]
[White "Mohammad Fahad, Rahman"]
[Black "Bilguun, Sumiya"]
[Result "1/2-1/2"]
[WhiteElo "2424"]
[BlackElo "2495"]
[PlyCount "102"]
[EventDate "2023.06.04"]
[EventType "swiss"]
[EventRounds "9"]
[EventCountry "KAZ"]
[SourceTitle "CBM 214 Extra"]
[Source "ChessBase"]
[SourceDate "2023.07.31"]
[SourceVersion "1"]
[SourceVersionDate "2023.07.31"]
[SourceQuality "1"]

1. d4 d5 2. c4 e6 3. Nc3 Nf6 4. Nf3 a6 5. cxd5 exd5 6. Bg5 Be6 7. Bxf6 Qxf6 8. Qb3 Ra7 9. a3 Qd8 10. h4 Be7 11. e4 c6 12. exd5 cxd5 13. g3 Nc6 14. Bg2 0-0 15. 0-0 Bf6 16. Rad1 b5 17. Rfe1 Rd7 18. Qc2 Rc7 19. Qd2 h6 20. Ne5 Rc8 21. Ng6 Re8 22. Nf4 Bxd4 23. Ncxd5 Bg4 24. Rc1 Rxe1+ 25. Qxe1 Ne5 26. Rxc8 Bxc8 27. Qd2 Nc6 28. b4 Kh8 29. Ne2 Ba7 30. Qc3 Bd7 31. Ndf4 Qb6 32. Nd3 Nd4 33. Nxd4 Qxd4 34. Qxd4 Bxd4 35. Bb7 Bf5 36. Nf4 g5 37. hxg5 hxg5 38. Ng2 Bb2 39. Bxa6 Bxa3 40. Bxb5 Bxb4 41. Ne3 Be4 42. Bc4 Kg7 43. Bd5 Bd3 44. g4 Bc5 45. Nf5+ Kf6 46. Kg2 Bxf5 47. gxf5 Kxf5 48. Bxf7 Bxf2 49. Kxf2 g4 50. Kg2 g3 51. Kxg3 Ke5 1/2-1/2

[Event "Asian Continental op 20th"]
[Site "Almaty"]
[Date "2023.06.06"]
[Round "4"]
[White "Bilguun, Sumiya"]
[Black "Erzhanov, Arman"]
[Result "1-0"]
[WhiteElo "2495"]
[BlackElo "2228"]
[PlyCount "77"]
[EventDate "2023.06.04"]
[EventType "swiss"]
[EventRounds "9"]
[EventCountry "KAZ"]
[SourceTitle "CBM 214 Extra"]
[Source "ChessBase"]
[SourceDate "2023.07.31"]
[SourceVersion "1"]
[SourceVersionDate "2023.07.31"]
[SourceQuality "1"]

1. e4 d6 2. d4 Nf6 3. Nc3 c6 4. a4 e5 5. Nf3 Nbd7 6. Bc4 Be7 7. 0-0 a5 8. Re1 0-0 9. Ba2 Qb6 10. h3 exd4 11. Nxd4 Nc5 12. Qf3 Qb4 13. Qe3 Qb6 14. Nb3 Nfd7 15. Nd4 Nf6 16. Nb3 Nfd7 17. Nd2 Qc7 18. Qg3 Nb6 19. Nc4 Nxc4 20. Bxc4 Be6 21. Bf1 Rad8 22. Be3 Qb6 23. Bd4 f6 24. Nd5 Bxd5 25. exd5 Rfe8 26. Bc4 Kh8 27. dxc6 Bf8 28. Bf7 Rxe1+ 29. Rxe1 Qxc6 30. Bxf6 Ra8 31. Bc3 Nxa4 32. Bd4 Qxc2 33. Bb3 Qc6 34. Re7 Qc1+ 35. Kh2 Qh6 36. Rf7 Nc5 37. Qf3 Be7 38. Rxe7 Nxb3 39. Bxg7+ 1-0

[Event "Asian Continental blitz op 20th"]
[Site "Almaty"]
[Date "2023.06.03"]
[Round "3"]
[White "Zhalmakhanov, Ramazan"]
[Black "Bilguun, Sumiya"]
[Result "1-0"]
[WhiteElo "2418"]
[BlackElo "2474"]
[PlyCount "76"]
[EventDate "2023.06.03"]
[EventType "swiss (blitz)"]
[EventRounds "9"]
[EventCountry "KAZ"]
[SourceTitle "CBM 214 Extra"]
[Source "ChessBase"]
[SourceDate "2023.07.31"]
[SourceVersion "1"]
[SourceVersionDate "2023.07.31"]
[SourceQuality "1"]

1. d4 d5 2. Nc3 Nf6 3. Bf4 a6 4. e3 e6 5. g4 b5 6. g5 Nfd7 7. h4 h5 8. gxh6 g6 9. Nf3 Bxh6 10. Bxh6 Rxh6 11. Qd2 Rh8 12. Bd3 Nc6 13. 0-0-0 Nf6 14. Ne2 Bb7 15. Nf4 Qe7 16. Bxg6 fxg6 17. Nxg6 Qh7 18. Nxh8 Qxh8 19. Ng5 Qg8 20. f3 0-0-0 21. Rdg1 e5 22. h5 Kb8 23. h6 Bc8 24. h7 Nxh7 25. Nxh7 Qe6 26. Ng5 Qf6 27. dxe5 Nxe5 28. Qd4 Qf5 29. Qf4 Rf8 30. Qxf5 Rxf5 31. f4 Nc4 32. Rg3 d4 33. exd4 Rxf4 34. Rd1 Bg4 35. Rdg1 Bc8 36. b3 Nd6 37. Rd3 Kb7 38. Nf3 Rh4 1-0

[Event "MGL-ch"]
[Site "Ulaanbaatar"]
[Date "2023.05.26"]
[Round "7"]
[White "Chinguun, Sumiya"]
[Black "Bilguun, Sumiya"]
[Result "0-1"]
[WhiteElo "2298"]
[BlackElo "2474"]
[PlyCount "60"]
[EventDate "2023.05.20"]
[EventType "tourn"]
[EventRounds "11"]
[EventCountry "MGL"]
[EventCategory "1"]
[SourceTitle "CBM 214 Extra"]
[Source "ChessBase"]
[SourceDate "2023.07.31"]
[SourceVersion "1"]
[SourceVersionDate "2023.07.31"]
[SourceQuality "1"]

1. e4 c5 2. Nc3 Nc6 3. Nf3 e5 4. d3 d6 5. g3 g6 6. Bg2 Bg7 7. 0-0 Nge7 8. Nh4 0-0 9. Kh1 Rb8 10. Be3 Nd4 11. a4 Be6 12. f4 exf4 13. Bxf4 Nec6 14. Qd2 Ne5 15. Nb5 Ndc6 16. Bh6 a6 17. Nc3 Bxh6 18. Qxh6 Nd4 19. Qd2 b5 20. axb5 axb5 21. Nd1 b4 22. Ne3 Qg5 23. Qf2 b3 24. Qf4 h6 25. c3 Nc2 26. Nxc2 bxc2 27. d4 cxd4 28. cxd4 Nd3 29. Qxd6 Rbc8 30. Qa3 Qe3 0-1

[Event "MGL-ch"]
[Site "Ulaanbaatar"]
[Date "2023.05.22"]
[Round "3"]
[White "Ulziikhishig, Khishigbat"]
[Black "Bilguun, Sumiya"]
[Result "0-1"]
[WhiteElo "1601"]
[BlackElo "2474"]
[PlyCount "148"]
[EventDate "2023.05.20"]
[EventType "tourn"]
[EventRounds "11"]
[EventCountry "MGL"]
[EventCategory "1"]
[SourceTitle "CBM 214 Extra"]
[Source "ChessBase"]
[SourceDate "2023.07.31"]
[SourceVersion "1"]
[SourceVersionDate "2023.07.31"]
[SourceQuality "1"]

1. d4 d5 2. c4 e6 3. Nc3 a6 4. cxd5 exd5 5. Nf3 Nf6 6. Bg5 Be6 7. e3 Nbd7 8. Bd3 c6 9. Qc2 Bd6 10. Bh4 Qc7 11. Bg3 Bg4 12. Nd2 0-0 13. 0-0 Bxg3 14. hxg3 Bh5 15. Rfc1 Bg6 16. Rab1 Qd6 17. Na4 Rae8 18. b4 Bxd3 19. Qxd3 b5 20. Nc5 Nxc5 21. Rxc5 Nd7 22. Rc3 Nb6 23. Rc5 Qh6 24. Rbc1 Nc4 25. Nxc4 bxc4 26. Qa3 Re6 27. Re1 Qh5 28. Qxa6 Rh6 29. Kf1 Qg4 30. Kg1 Qh5 31. Kf1 Qh1+ 32. Ke2 Qxg2 33. Rxc6 Rh2 34. Rf1 Qe4 35. Qa3 Qc2+ 36. Ke1 Qb1+ 37. Ke2 Qc2+ 38. Ke1 h5 39. b5 Rb8 40. Qb4 Ra8 41. Qd2 Qb1+ 42. Ke2 Qxb5 43. Rc5 Qd7 44. Qc2 g6 45. a4 Rb8 46. Rb5 Rxb5 47. axb5 Qxb5 48. Qb1 Qe8 49. Qb7 Qd8 50. Qc6 Kg7 51. e4 h4 52. gxh4 Rxh4 53. Qxd5 Qxd5 54. exd5 Rxd4 55. Rc1 Kf6 56. Ke3 Ke5 57. d6 Kd5 58. Ra1 Rd3+ 59. Ke2 Kxd6 60. Ra7 Kc5 61. Rxf7 Rd6 62. Rc7+ Kb4 63. Rb7+ Ka3 64. Rc7 Kb3 65. Rb7+ Kc2 66. f4 c3 67. Rb5 Kc1 68. f5 gxf5 69. Rxf5 c2 70. Rb5 Re6+ 71. Kf2 Kd2 72. Rd5+ Kc3 73. Rc5+ Kd3 74. Rc8 Re4 0-1

[Event "Asia zt 3.3"]
[Site "Jakarta"]
[Date "2023.05.11"]
[Round "8"]
[White "Priasmoro, Novendra"]
[Black "Bilguun, Sumiya"]
[Result "1/2-1/2"]
[WhiteElo "2504"]
[BlackElo "2474"]
[PlyCount "91"]
[EventDate "2023.05.06"]
[EventType "swiss"]
[EventRounds "9"]
[EventCountry "INA"]
[SourceTitle "CBM 214 Extra"]
[Source "ChessBase"]
[SourceDate "2023.07.31"]
[SourceVersion "1"]
[SourceVersionDate "2023.07.31"]
[SourceQuality "1"]

1. e4 c5 2. Nf3 a6 3. c3 d5 4. exd5 Qxd5 5. Na3 Nf6 6. Bc4 Qd8 7. Nc2 e6 8. d4 Nc6 9. 0-0 b5 10. Be2 Bb7 11. dxc5 Bxc5 12. Be3 Bxe3 13. Nxe3 Qxd1 14. Rfxd1 Ke7 15. Nd2 Rhd8 16. Nb3 Rxd1+ 17. Bxd1 Nd7 18. Bf3 Nde5 19. Be2 Nd7 20. a4 b4 21. cxb4 Nxb4 22. Na5 Rb8 23. Rc1 Rc8 24. Rc3 Rb8 25. Rc7 Be4 26. f3 Bd5 27. Ra7 Ke8 28. Nec4 Ra8 29. Rxa8+ Bxa8 30. Kf2 Bd5 31. Ke3 Ke7 32. Kd4 f6 33. Bf1 Ba8 34. Ne3 Nc6+ 35. Nxc6+ Bxc6 36. a5 Bb7 37. b4 Kd6 38. b5 e5+ 39. Kc3 axb5 40. Bxb5 Nb8 41. Bd3 g6 42. Be4 Ba6 43. g4 Nc6 44. h4 Nxa5 45. h5 f5 46. hxg6 1/2-1/2

[Event "Asia zt 3.3"]
[Site "Jakarta"]
[Date "2023.05.10"]
[Round "6"]
[White "Tin, Jingyao"]
[Black "Bilguun, Sumiya"]
[Result "0-1"]
[WhiteElo "2576"]
[BlackElo "2474"]
[PlyCount "108"]
[EventDate "2023.05.06"]
[EventType "swiss"]
[EventRounds "9"]
[EventCountry "INA"]
[SourceTitle "CBM 214 Extra"]
[Source "ChessBase"]
[SourceDate "2023.07.31"]
[SourceVersion "1"]
[SourceVersionDate "2023.07.31"]
[SourceQuality "1"]

1. d4 d5 2. c4 e6 3. Nc3 a6 4. cxd5 exd5 5. Nf3 Nf6 6. Bg5 Be6 7. Qb3 Nbd7 8. e3 Rb8 9. Bf4 Nh5 10. Bd3 Be7 11. 0-0 0-0 12. Nxd5 Nxf4 13. exf4 Kh8 14. Rae1 Nf6 15. Rxe6 fxe6 16. Nxe7 Qxe7 17. Re1 Qd6 18. g3 Nd5 19. Ng5 Nxf4 20. gxf4 Qxf4 21. Ne4 Rbd8 22. Qxe6 Rxd4 23. Qh3 Rd6 24. Qe3 Rg6+ 25. Ng3 Re6 26. Be4 Qxe3 27. fxe3 c6 28. Bc2 g6 29. e4 h5 30. Re2 Re5 31. Nf1 Rg5+ 32. Rg2 Rxg2+ 33. Kxg2 Kg7 34. Nd2 Rd8 35. Nb1 Rf8 36. Nd2 Rd8 37. Nf1 Rf8 38. Bb3 Kf6 39. Nd2 Ke5 40. Nc4+ Kxe4 41. Nd6+ Ke3 42. Nxb7 Rf2+ 43. Kg3 g5 44. Nd6 h4+ 45. Kg4 Rg2+ 46. Kh3 Rg1 47. Ba4 Kf4 48. Bxc6 Rc1 49. Be4 Rd1 50. Nf7 Kxe4 51. Nxg5+ Kf5 52. Kxh4 Rd2 53. Nf3 Rxb2 54. Nd4+ Ke5 0-1

[Event "Asia zt 3.3"]
[Site "Jakarta"]
[Date "2023.05.07"]
[Round "2"]
[White "Dinh, Nho Kiet"]
[Black "Bilguun, Sumiya"]
[Result "1/2-1/2"]
[WhiteElo "2209"]
[BlackElo "2474"]
[PlyCount "62"]
[EventDate "2023.05.06"]
[EventType "swiss"]
[EventRounds "9"]
[EventCountry "INA"]
[SourceTitle "CBM 214 Extra"]
[Source "ChessBase"]
[SourceDate "2023.07.31"]
[SourceVersion "1"]
[SourceVersionDate "2023.07.31"]
[SourceQuality "1"]

1. d4 d5 2. c4 e6 3. Nc3 c6 4. cxd5 exd5 5. Bf4 Nf6 6. e3 Bf5 7. Bd3 Bxd3 8. Qxd3 Bd6 9. Nge2 0-0 10. 0-0 Re8 11. a3 a5 12. Rac1 Bxf4 13. Nxf4 Qe7 14. Qe2 Nbd7 15. Nd3 Ne4 16. Nxe4 Qxe4 17. Rfe1 Qe7 18. Nc5 Nb6 19. a4 Nc8 20. Qg4 Nd6 21. Qf4 h6 22. h3 Rad8 23. Rc3 Ne4 24. Nxe4 Qxe4 25. Qxe4 Rxe4 26. Rb3 Re7 27. f3 f5 28. Kf2 Kf7 29. Rc1 g5 30. Rc5 Ra8 31. g3 Ra7 1/2-1/2

[Event "Ulaanbaatar m"]
[Site "Ulaanbaatar"]
[Date "2023.04.30"]
[Round "2"]
[White "Munguntuul, Batkhuyag"]
[Black "Bilguun, Sumiya"]
[Result "1/2-1/2"]
[WhiteElo "2408"]
[BlackElo "2474"]
[PlyCount "118"]
[EventDate "2023.04.29"]
[EventType "match"]
[EventRounds "4"]
[EventCountry "MGL"]
[SourceTitle "CBM 214 Extra"]
[Source "ChessBase"]
[SourceDate "2023.07.31"]
[SourceVersion "1"]
[SourceVersionDate "2023.07.31"]
[SourceQuality "1"]

1. e4 c5 2. Nf3 d6 3. d4 cxd4 4. Nxd4 Nf6 5. Nc3 a6 6. Be2 e5 7. Nf3 h6 8. a4 Be6 9. Be3 Nbd7 10. h3 Rc8 11. 0-0 Rxc3 12. bxc3 Nxe4 13. c4 Be7 14. Bd3 Nec5 15. Nd2 0-0 16. a5 f5 17. f4 Qc7 18. Nb3 Bf6 19. fxe5 Nxe5 20. Bxf5 Bxf5 21. Rxf5 Ne6 22. Qd5 Qf7 23. Raf1 Nd8 24. Bxh6 Nxc4 25. Qxf7+ Rxf7 26. Bg5 Bxg5 27. Rxg5 Rxf1+ 28. Kxf1 Ne3+ 29. Ke2 Ne6 30. Rg3 Nxc2 31. Kd3 Na3 32. Nd4 Nc5+ 33. Ke2 Nc4 34. Nf5 Ne6 35. Rc3 d5 36. Ne7+ Kf7 37. Nxd5 Nxa5 38. Nc7 Nc6 39. Nxe6 Kxe6 40. Rg3 Kf6 41. Kd3 g6 42. Kc4 b6 43. Kd5 Ne7+ 44. Kc4 Nf5 45. Rb3 b5+ 46. Kc5 Ke5 47. Kb6 Nd4 48. Rg3 Kf5 49. Kxa6 b4 50. Rg4 Nc2 51. Rc4 Ne3 52. g4+ Kg5 53. Rxb4 Ng2 54. Rb3 Kh4 55. Kb5 Nf4 56. Kc5 Nxh3 57. Rb4 g5 58. Kd5 Nf4+ 59. Ke4 Kxg4 1/2-1/2